Geography Quiz

Random Geography or World Quiz
Score 0/10 Timer 01:30
11 Plays Today
% Correct
Peru
79%
Portugal
76.8%
Poland
73.3%
Panama
72.4%
Paraguay
71.9%
Pakistan
70.2%
Philippines
63.7%
Papua New Guinea
63.2%
Palau
44.9%
Palestine
35.8%
Remove Ads.
Support Sporcle.
Get the best of Sporcle when you Go Orange. This ad-free experience offers more features, more stats, and more fun while also helping to support Sporcle. Thank you for becoming a member.

You're not logged in!

Compare scores with friends on all Sporcle quizzes.
OR
Log In

Sporcle TV

Today on Sporcle TV


Watch our educational content, quiz creation guides, and fun videos on Sporcle TV.

Show Comments

Extras

Top Quizzes Today


Score Distribution

Paid Content

Your Account Isn't Verified!

In order to create a playlist on Sporcle, you need to verify the email address you used during registration. Go to your Sporcle Settings to finish the process.

Report this User

Report this user for behavior that violates our Community Guidelines.

Details: